Estatísticas para Municípios de Pernambuco em um Mapa

Clique aqui para jogar o quiz

Estatísticas Gerais

  • Esse quiz foi jogado 1 945 vezes
  • A pontuação média é 77 de 185

Respostas no mapa

Respostas codificadas por cores de uma escala verde-vermelha no mapa do quiz de acordo com a % correta abaixo.
 

Estatísticas das Respostas

Município% Correto
Recife
97%
Olinda
90%
Caruaru
88%
Jaboatão dos Guararapes
88%
Petrolina
87%
Paulista
79%
Fernando de Noronha
77%
Garanhuns
75%
Cabo de Santo Agostinho
73%
Serra Talhada
70%
Camaragibe
67%
Ipojuca
67%
Vitória de Santo Antão
67%
Goiana
66%
Santa Cruz
66%
Arcoverde
65%
Salgueiro
65%
Abreu e Lima
64%
Gravatá
64%
Igarassu
63%
Araripina
61%
Exu
61%
São Lourenço da Mata
61%
Belo Jardim
60%
Escada
58%
Moreno
58%
Bezerros
57%
Limoeiro
57%
Petrolândia
57%
Carpina
56%
Flores
56%
Ilha de Itamaracá
56%
Pesqueira
56%
Santa Cruz do Capibaribe
56%
Tamandaré
55%
Toritama
54%
Afogados da Ingazeira
53%
Palmares
53%
São José da Coroa Grande
53%
Cabrobó
52%
São José do Egito
51%
Bonito
50%
Floresta
50%
Itapissuma
50%
Ouricuri
50%
Paudalho
50%
Sertânia
50%
Pombos
49%
Surubim
49%
Triunfo
49%
Brejo da Madre de Deus
48%
Chã Grande
48%
Orobó
46%
Sirinhaém
46%
Afrânio
45%
Barreiros
45%
Itambé
45%
São Caetano
45%
Buenos Aires
44%
Bom Jardim
43%
Timbaúba
43%
Caetés
42%
São Bento do Una
42%
Agrestina
41%
Água Preta
41%
Buíque
41%
Custódia
41%
Nazaré da Mata
41%
Pedra
41%
Ribeirão
41%
Xexéu
41%
Águas Belas
40%
Bodocó
40%
Bom Conselho
40%
Lagoa do Carro
39%
Lajedo
39%
Rio Formoso
39%
Sanharó
39%
Vertentes
39%
Araçoiaba
38%
Ingazeira
38%
Lagoa dos Gatos
38%
São João
38%
Serrita
38%
Taquaritinga do Norte
38%
Aliança
37%
Altinho
37%
Catende
37%
Chã de Alegria
37%
Glória do Goitá
37%
Poção
37%
São José do Belmonte
37%
São Vicente Férrer
37%
Tracunhaém
37%
Brejão
36%
Ibimirim
36%
Jupi
36%
Orocó
36%
Parnamirim
36%
Passira
36%
Quipapá
36%
Riacho das Almas
36%
Sairé
36%
Vicência
36%
Gameleira
35%
João Alfredo
35%
Panelas
35%
Santa Maria da Boa Vista
35%
Alagoinha
34%
Condado
34%
Lagoa do Ouro
34%
Lagoa Grande
34%
Macaparana
34%
Saloá
34%
Trindade
34%
Brejinho
33%
Cachoeirinha
33%
Camocim de São Félix
33%
Camutanga
33%
Canhotinho
33%
Dormentes
33%
Iati
33%
Jatobá
33%
Joaquim Nabuco
33%
Lagoa de Itaenga
33%
Moreilândia
33%
Belém do São Francisco
32%
Betânia
32%
Feira Nova
32%
Ferreiros
32%
Ipubi
32%
Jurema
32%
Salgadinho
32%
Santa Cruz da Baixa Verde
32%
Tacaimbó
32%
Tupanatinga
32%
Venturosa
32%
Amaraji
31%
Correntes
31%
Cupira
31%
Granito
31%
Inajá
31%
Jataúba
31%
Primavera
31%
Solidão
31%
Tabira
31%
Vertente do Lério
31%
Casinhas
30%
Cedro
30%
Cumaru
30%
Itaíba
30%
Jaqueira
30%
Manari
30%
Maraial
30%
Mirandiba
30%
Santa Filomena
30%
São Joaquim do Monte
30%
Tuparetama
30%
Verdejante
30%
Belém de Maria
29%
Calçado
29%
Itacuruba
29%
Itapetim
29%
Itaquitinga
29%
São Benedito do Sul
29%
Terezinha
29%
Angelim
28%
Barra de Guabiraba
28%
Capoeiras
28%
Frei Miguelinho
28%
Jucati
28%
Machados
28%
Quixaba
28%
Santa Maria do Cambucá
28%
Santa Terezinha
28%
Carnaíba
27%
Carnaubeira da Penha
27%
Cortês
27%
Iguaracy
27%
Paranatama
27%
Tacaratu
27%
Terra Nova
27%
Calumbi
26%
Ibirajuba
26%
Palmeirina
26%

Distribuição das Pontuações

Percentil de Números Respondidos

Porcentagem de Pessoas com Cada Pontuação

Sua Pontuação Histórica

Você não jogou esse quiz